000 00362nam a22001577a 4500
003 SGT
020 _a978-93-80316-69-7
082 _a616.01
_bPAR
100 _aPARIJA, SUBHASH CHANDRA
245 _aTEXTBOOK OF PRACTICAL MICROBIOLOGY
250 _a2ND
260 _aINDIA
_bAHUJA PUB.
_c2023
300 _a316
650 _aMICROBIOLOGY
942 _2ddc
_cBK
999 _c32900
_d32900